| 000 | 00610cab a2200193 4500 | ||
|---|---|---|---|
| 001 | WB2628-51 | ||
| 008 | 090401t1990 xxu||||| |||| 00| 0 eng d | ||
| 035 | _a(Sirsi) u15641 | ||
| 041 | _aeng | ||
| 245 | _aCost of connecting water pipes | ||
| 260 | _c1990 | ||
| 350 | _a0 | ||
| 490 |
_aGuardian _v17/7/90 p5 |
||
| 520 | _aUnder the Water Act 1989 , customers can now be charged not just for the connection of water pipes but for the cost of the infrastructure; a heavy cost passed onto the housebuyer . | ||
| 650 | _aHOUSE BUILDERS FEDERATION | ||
| 690 | _aWATER | ||
| 942 | _n0 | ||
| 948 | _c04/03/1997 | ||
| 999 |
_c10282 _d10282 |
||